000
00267nam a2200109Ia 4500
008
220204s9999 xx 000 0 und d
082
_a
054
_b
ROD
245
0
_a
Chemistry of carbon compounds.
260
_a
Amsterdam
_b
Elsevier
_c
1951
700
_a
Rodd, E H
942
_c
BK
999
_c
19684
_d
19684